Statistics for Utah Jazz 2017-18 Roster

Click here to take the quiz!

General Stats

  • This quiz has been taken 96 times
  • The average score is 10 of 18

Answer Stats

NbrPostPlayer% Correct
27CenterRudy Gobert
99%
45GuardDonovan Mitchell
94%
3GuardRicky Rubio
90%
15Forward-CenterDerrick Favors
85%
2ForwardJoe Ingles
85%
11GuardDante Exum
64%
-Head CoachQuin Snyder
63%
5GuardRodney Hood
58%
10GuardAlec Burks
56%
25GuardRaul Neto
54%
33Center-ForwardEkpe Udoh
50%
6Guard-ForwardJoe Johnson
46%
23ForwardRoyce O'Neale
40%
8ForwardJonas Jerebko
40%
13CenterTony Bradley
36%
22ForwardThabo Sefolosha
32%
16GuardNate Wolters
6%
17Center-ForwardEric Griffin
1%

Score Distribution

Percentile by Number Answered

Percent of People with Each Score

Your Score History

You have not taken this quiz